000 00397nam a2200145Ia 4500
008 100122s9999 xx 000 0 und d
082 _b34787
_a823
100 _aमेहता शशिकला
245 _aअद्वैत
260 _bस्मिता प्रकाशन
_c1983
300 _a176
630 _aअद्वैत
730 _aअद्वैत
942 _cBOOK
999 _c418250
_d418247